000 00858nam a2200253Ia 4500
999 _c4804
_d4804
003 ALUPE UNIVERSITY
005 20220329112811.0
008 910415s1991 enka b 001 0 eng d
020 _a0901260827 (UK)
040 _cALUPE UNIVERSITY
049 _aJHWA [JOURNAL]
_no
050 _aRJ486
_b.P76 1991
099 _aJOURNAL
_aSEE SERIES
_aTITLE
245 0 0 _aProblems of intracranial pressure in childhood /
_cEdited by R.A. Minns.
260 _aLondon :
_bMac Keith Press ;
_aNew York :
_bdistributed by Cambridge University Press,
_cc1991.
300 _axvi, 458 p. :
_bill. (some col.) ;
_c25 cm.
504 _aIncludes bibliographical references and index.
650 2 _aIntracranial Pressure
_xphysiology.
650 2 _aIntracranial Pressure
_xChild.
700 1 _aMinns, R. A.
830 0 _vno. 113/114.
910 _a149177
942 _2lcc
_cBK